Sistema de derecho civil

محفوظ في:
التفاصيل البيبلوغرافية
المؤلفون الرئيسيون: Diez-Picazo y Ponce de León, Luis María (مؤلف), Gullón, Antonio (مؤلف)
التنسيق: كتاب
اللغة:الإسبانية
منشور في: Madrid Tecnos 1981
الطبعة:2a. ed
الموضوعات:
الوسوم: إضافة وسم
لا توجد وسوم, كن أول من يضع وسما على هذه التسجيلة!

MARC

LEADER 00000nam a2200000 a 4500
001 UCK5009
003 CL-VaPUC
008 050708e19810000SP |||||||||||||||||spa|d
020 |a 8430907270 
020 |a 843090591Xv.3 
082 0 4 |a 346.46  |b DIE  |2 21 
100 0 |a Diez-Picazo y Ponce de León, Luis María  |e author  |9 487207 
700 0 |a Gullón, Antonio  |e author  |9 493680 
245 1 0 |a Sistema de derecho civil 
250 |a 2a. ed 
300 |a v 
942 |c BK 
945 |d 20050708 00:00:00  |a cmena 
260 |a Madrid  |b Tecnos  |c 1981 
500 |a v.3: Derecho de cosas 
650 0 |a Derecho civil  |9 255013 
650 0 |a Derecho español  |9 255291 
650 0 |a Derechos reales  |9 257708 
650 0 |a Posesión   |9 258681 
650 0 |a Bienes  |9 255749 
650 0 |a Derecho de propiedad  |9 256450 
583 |a last modification  |c 20050708 00:00:00  |k Rodrigo Vera 
999 |c 313705  |d 313703 
952 |0 0  |1 0  |4 0  |6 346_460000000000000_DIE_1981  |7 0  |8 A  |9 385193  |a BIBDER  |b BIBDER  |d 2019-11-22  |h v.3  |i 185268K  |o 346.46 DIE 1981  |p 185268K  |r 2023-01-25  |w 2019-11-22  |y BK  |k DER